000 00974nam a22003017a 4500
003 CHAP
005 20220817044111.0
008 060511d2004 mx r 00110 spa d
010 _a92149
011 _a93121
035 _a103692
040 _cCHAP
090 _aFolleto 17038 (2004)
100 0 0 _aCabrera, Orlando Astacio.
_916711
245 1 0 _aNotas sobre algunos acridoideos de Nicaragua
_c/por Orlando Astacio Cabrera
250 _a3 ed.
260 _aManagua, Nicaragua :
_bOrganismo Internacional Regional de Sanidad Agropecuaria,
_c2004.
300 _a44 p. :
_bilus.
590 _aBATCH-UPD
_b10
_c20130110
_lUCH01
_h0136
590 _aBATCH-UPD
_b10
_c20130110
_lUCH01
_h0814
590 _aCONVERSION
_b10
_c20130109
_lUCH01
_h1351
650 1 4 _aAcrididos.
650 1 4 _aLangosta como plaga
_zNicaragua.
_964767
901 _aBK
905 _aAlejandra Carrasco M.
942 _cFOLL
949 _aFolleto 17038 (2004)
_bBC
_cFOLL
_d33724000986345
_eTS1
_i103692
_sb
999 _c92149
_d92149